000
00275nam a22001217a 4500
041
_a
ENG
100
_a
Singh.R
245
_a
Applied Dairy And Food Microbiology
260
_a
Udaipur
_b
Agrotech Publishing
_c
2005
300
_a
424
650
_a
APE
856
_u
APE ( 02 )
999
_c
1644
_d
1644